000 00591pam a2200217 a 4500
001 1406784
005 20180103043354.0
008 830913s1984 njua b 001 0 eng
010 _a 83019154
020 _a0138512469 :
_c$24.95
040 _aDLC
_cDLC
_dDLC
041 _aeng
080 _a658.054 COR
082 0 0 _a658.054 COR
_219
100 1 _a54
101 _aMEN
245 1 0 _aStrategic data processing :
_cJames W. Cortada.
504 _aBibliography: p. 189-193.
906 _a7
_bcbc
_corignew
_d1
_eocip
_f19
_gy-gencatlg
942 _2ddc
_cBK
999 _c39621
_d39621